000 01125cam a22001814a 4500
005 20250605163454.0
008 250528s ||||||||||||||||||||||||d
035 _a19963
020 _a11050497
040 _aGR-AtMCL
_bgre
_dGR-AtMCL
_eAACR2
245 1 _aΈκθεση του Διοικητή για το Έτος 1997 / Προς την 65η Ετήσια Τακτική Γενική Συνέλευση των Μετόχων στις 30 Απριλίου 1998
260 _bΤράπεζα Της Ελλάδος,
_c1998
300 _a288
520 _aΑποτελέσματα Χρήσεων του 1997, Εξελίξεις και Προοπτικές της Ελληνικής Οικονομίας, Οικονομική Δραστηριότητα, Τιμές και Αμοιβή Εργασίας και Επιχειρηματικά Κέρδη, Νομισματικές και Πιστωτικές Εξελίξεις, Δημόσια Οικονομικά, Ισοζλύγιο Πληρωμών, Διεθνής Οικονομία, Πίνακες, Διαγραμματα.
942 _cBK
999 _c5197
_d5197